Livery Companies of the City of London - Statistics

General Stats
  • This quiz has been taken 12 times
  • The average score is 31 of 110
Answer Stats
Profession Answer % Correct
Breadmaking Worshipful Company of Bakers
83%
Firefighting Worshipful Company of Firefighters
83%
Insurance Worshipful Company of Insurers
83%
Metalworking Worshipful Company of Blacksmiths
67%
Meat cutting Worshipful Company of Butchers
67%
Woodworking Worshipful Company of Carpenters
67%
Cooking Worshipful Company of Cooks
67%
Engineering Worshipful Company of Engineers
67%
Farming Worshipful Company of Farmers
67%
Fish merchants Worshipful Company of Fishmongers
67%
Tailors for fine cloths Worshipful Company of Haberdashers
67%
Marketing Worshipful Company of Marketors
67%
Music Worshipful Company of Musicians
67%
Saddlemakers Worshipful Company of Saddlers
67%
Lawyers City of London Solicitors' Company
50%
Arbitration Worshipful Company of Arbitrators
50%
Hair-cutting, surgery, dentistry Worshipful Company of Barbers
50%
Brewing Worshipful Company of Brewers
50%
Arrowmaking Worshipful Company of Fletchers
50%
Garden keepers Worshipful Company of Gardeners
50%
Precious metal workers Worshipful Company of Goldsmiths
50%
Spice merchants Worshipful Company of Grocers
50%
Masonry Worshipful Company of Masons
50%
Pipes Worshipful Company of Plumbers
50%
Wine merchants Worshipful Company of Vintners
50%
Sailors Honourable Company of Master Mariners
33%
Risk management Worshipful Company of Actuaries
33%
Bow making Worshipful Company of Bowyers
33%
Accounting Worshipful Company of Chartered Accountants in England and Wales
33%
Clocks Worshipful Company of Clockmakers
33%
Barrelmaking Worshipful Company of Coopers
33%
Dyeing Worshipful Company of Dyers
33%
Teachers Worshipful Company of Educators
33%
Fans Worshipful Company of Fanmakers
33%
Horseshoe making and horse veterinarians Worshipful Company of Farriers
33%
Metal casting and melting Worshipful Company of Founders
33%
Glass decorating Worshipful Company of Glaziers and Painters of Glass
33%
Guns Worshipful Company of Gunmakers
33%
Taxi drivers Worshipful Company of Hackney Carriage Drivers
33%
Iron merchants Worshipful Company of Ironmongers
33%
Laundry Worshipful Company of Launderers
33%
Electric lighting supply Worshipful Company of Lightmongers
33%
Merchants Worshipful Company of Mercers
33%
Tailors Worshipful Company of Merchant Taylors
33%
Painting Worshipful Company of Painter-Stainers
33%
Plasterers Worshipful Company of Plaisterers
33%
Salts and chemicals traders Worshipful Company of Salters
33%
Security Worshipful Company of Security Professionals
33%
Shipbuilders Worshipful Company of Shipwrights
33%
Fur traders Worshipful Company of Skinners
33%
Weaving Worshipful Company of Weavers
33%
Wheels Worshipful Company of Wheelwrights
33%
Pharmacists Worshipful Society of Apothecaries
33%
Pilots Honourable Company of Air Pilots
17%
Armour makers and brassworkers Worshipful Company of Armourers and Brasiers
17%
Art Worshipful Company of Arts Scholars
17%
Baskets Worshipful Company of Basketmakers
17%
Architecture Worshipful Company of Chartered Architects
17%
Surveying Worshipful Company of Chartered Surveyors
17%
Coaches, now automobiles Worshipful Company of Coachmakers and Coach Harness Makers
17%
Fine leather workers and shoemaking Worshipful Company of Cordwainers
17%
Knife, swords, and utensil making Worshipful Company of Cutlers
17%
Textile merchants Worshipful Company of Drapers
17%
Environmental cleanliness Worshipful Company of Environmental Cleaners
17%
Hat makers Worshipful Company of Feltmakers
17%
Users of knitting machines Worshipful Company of Framework Knitters
17%
Energy Worshipful Company of Fuellers
17%
Furniture Worshipful Company of Furniture Makers
17%
Belt and girdle makers Worshipful Company of Girdlers
17%
Gloves Worshipful Company of Glovers
17%
Thread for fancy clothing Worshipful Company of Gold and Silver Wyre Drawers
17%
Information technology Worshipful Company of Information Technologists
17%
Tavern keepers Worshipful Company of Innholders
17%
Banking Worshipful Company of International Bankers
17%
Playing cards Worshipful Company of Makers of Playing Cards
17%
Needles Worshipful Company of Needlemakers
17%
Road pavers Worshipful Company of Paviors
17%
Poultry merchant Worshipful Company of Poulters
17%
Scientific instruments Worshipful Company of Scientific Instrument Makers
17%
Scribes and notaries Worshipful Company of Scriveners
17%
Eyeglass makers Worshipful Company of Spectacle Makers
17%
Tallow candle makers Worshipful Company of Tallow Chandlers
17%
Tax professionals Worshipful Company of Tax Advisers
17%
Tinsmith and wire workers Worshipful Company of Tin Plate Workers alias Wire Workers
17%
Tobacco Worshipful Company of Tobacco Pipe Makers and Tobacco Blenders
17%
Lathe operators Worshipful Company of Turners
17%
Building Worshipful Company of Tylers and Bricklayers
17%
Water management Worshipful Company of Water Conservators
17%
Wax candle makers Worshipful Company of Wax Chandlers
17%
Wool merchants Worshipful Company of Woolmen
17%
Embroiderers Worshipful Company of Broderers
0%
Building-related Worshipful Company of Builders Merchants
0%
Vehicle drivers Worshipful Company of Carmen
0%
Secretaries and Administrators Worshipful Company of Chartered Secretaries and Administrators
0%
Textile workers Worshipful Company of Clothworkers
0%
Construction Worshipful Company of Constructors
0%
Leather dressing and tanning Worshipful Company of Curriers
0%
Liquors Worshipful Company of Distillers
0%
Fruit merchants Worshipful Company of Fruiterers
0%
Glass merchants Worshipful Company of Glass Sellers
0%
Horn workers and plastics Worshipful Company of Horners
0%
Wood craftsmen Worshipful Company of Joiners and Ceilers
0%
Leather merchants Worshipful Company of Leathersellers
0%
Equestrian supply Worshipful Company of Loriners
0%
Consulting Worshipful Company of Management Consultants
0%
Wood shoe makers Worshipful Company of Pattenmakers
0%
Metal manufacture Worshipful Company of Pewterers
0%
Journalists and publishers Worshipful Company of Stationers and Newspaper Makers
0%
Upholsterers Worshipful Company of Upholders
0%
International trade Worshipful Company of World Traders
0%
No matching quizzes found
Score Distribution
Percent of People with Each Score
Percentile by Number Answered
Your Score History
You have not taken this quiz